| 000 | 00544nam a22001937a 4500 | ||
|---|---|---|---|
| 005 | 20230912112539.0 | ||
| 010 | _aENG-137866 | ||
| 020 |
_a8121401917 _c400.00 |
||
| 035 | _aEN-121398 | ||
| 037 | _aDBAD/PUB | ||
| 082 | _a923.254 | ||
| 100 |
_aKumar, Pramod _956319 |
||
| 245 |
_aMahatma Betrayed/ _cBy Pramod Kumar |
||
| 250 | _a. | ||
| 260 |
_aNew Delhi _bNational Publishing House _c2011 |
||
| 270 |
_a2/35, Ansari Road, Darya Ganj _bNew Delhi _e110002 |
||
| 300 |
_a373p. _b22cm(Hb) |
||
| 942 |
_2ddc _cEN _h923.254 _mKUM |
||
| 999 |
_c197430 _d197430 |
||